Príjmy zo závislej činnosti

Niektoré ustanovenia zákona o daniach z príjmov, ktoré súvisia s príjmami zo závislej činnosti a funkčnými požitkami. Predmet dane z príjmov fyzických osôb. Oslobodenie od dane. Základ dane.

Enregistré dans:
Détails bibliographiques
Format: Chapitre de livre
Langue:slovaque
Sujets:
Tags: Ajouter un tag
Pas de tags, Soyez le premier à ajouter un tag!

MARC

LEADER 00000naa a2200000 4500
001 r036675
005 20230926082106.0
041 0 |a slo 
044 |a SK 
245 1 0 |a Príjmy zo závislej činnosti 
520 |a Niektoré ustanovenia zákona o daniach z príjmov, ktoré súvisia s príjmami zo závislej činnosti a funkčnými požitkami. Predmet dane z príjmov fyzických osôb. Oslobodenie od dane. Základ dane. 
610 2 0 |a príjmy 
610 2 0 |a príjmy peňažné 
610 2 0 |a dane z príjmov 
610 2 0 |a osoby fyzické 
610 2 0 |a oslobodenie od daní 
610 2 0 |a základ dane 
610 2 0 |a požitky 
610 2 0 |a zdaňovanie